000
00245nam a2200097Ia 4500
001
679778
005
20250826161329.0
008
250824s9999 xx 000 0 und d
245
0
_a
KASABANIN ALTINDA
_c
CHARLES OGDEN
260
_b
GÜNIŞIĞI YAYINLARI
999
_c
679778
_d
679778